01663nam a2200217Ia 450000500170000000800410001704000440005804100130010208200120011510000320012724501500015925000420030926001260035130000360047750006200051350502080113350600210134154600330136265000250139565000250142020200228114050.0130821s1841 fr fr 1 mul  aCo-BoUCMbspacSandra YazodSandra Yazo0 aspaalat04a4752201 aIriarte, Juan ded1702-177110aGramática latina,bescrita con nuevo método y nuevas observaciones en verso castellano, con su explicación en prosacPor D. Juan de Iriarte aNueva ediciónbcorregida con esmero aParís (Francia)aMéxico (México)bLibrería de Rosa y Librería de Galván bImprenta Schneider y Langrandc1841 axvi, 368 páginasc18 x 11 cm. aDetalles físicos: Encuadernación rígida en cartón forrado en cuero. Lomo con adornos en dorado. Tapas con recuadro en dorado. Cuero con roturas y raspaduras. Guardas en papel de agua. Hoja de cortesía desprendida. Anteportada. Portada impresa en una sola tinta, con anotación de propiedad (Manuel J. Madiedo) y sello de tinta. Texto impreso en una sola columna con varios tipos y tamaños de letra, párrafos numerados. Notas al final de página y de cada regla. Texto en versos, con notas explicativas en prosa. Cortes decorados. Hojas de cortesía desprendidas. Ejemplar empieza a desencuadernarse0 aAdvertencia ; Prólogo ; La etimología ; Sintaxis: Definición y división ; Sintaxis propia y sintaxis figurada ; Ortografía ; Prosodia ; Compendio de métrica: Pies, versos, figuras poéticas  aConsulta en sala aTexto en español y latín 7aGramáticaxLatín 7aLatínxEnseñanza